00774nam a2200217 a 4500001001000000005001700010008004100027020001500068041000800083044000700091050002100098100002300119245010200142260002900244300004200273440005900315500003100374651003400405651005800439651005900497BRCA_132720190320203358.0891026s1987 mx-a---##b---#000-0#spa-# a9688421227 aspa amx 4aF1232b.L33 19871 aLabastida, Horacio10aReforma y república restauradab1823-1877cestudio histórico y selección Horacio Labastida. aMéxicobPorrúac1987 a373 p.bil. (algunas a color)c28 cm. 0aDocumentos para la historia del México independiente aIncluye listado documental 4aMéxicoxHistoriay1821-1861 4aMéxicoxHistoriayIntervención europea, 1861-1867 4aMéxicoxHistoriayGuerra de Independencia, 1810-1821